| 000 | 00856cac a22002291u 4500 | ||
|---|---|---|---|
| 090 | _c4338 | ||
| 008 | 081102t1984 xxu||||| |||| 00| 0 eng d | ||
| 010 | _a 83004567 | ||
| 020 | _a013730580X | ||
| 082 | 0 | 0 |
_a001.6424 _bP913 |
| 100 | _aPratt, Terrence W. | ||
| 245 | 1 | 0 |
_aProgramming languages : _bdesign and implementation / _cTerrence W. Pratt. |
| 250 |
_a2nd ed. _bInternational ed. |
||
| 260 |
_aEnglewood Cliffs, N.J. : _bPrentice-Hall, _cc1984. |
||
| 300 |
_axix, 604 p. : _bill. ; _c25 cm. |
||
| 500 | _aIncludes index. | ||
| 500 | _aInternational Edition. | ||
| 504 | _aBibliography: p. 583-592. | ||
| 650 | 0 | _aProgramming languages (Electronic computers) | |
| 942 |
_cBB _k001.6424P913 _2ddc |
||
| 999 |
_c4338 _d4338 |
||